000 00418nam a22001577a 4500
003 Macl
005 20241018142906.0
008 241018b |||||||| |||| 00| 0 eng d
040 _cMacl
082 _a910
100 _aRanjan,Ameebh
_982511
245 _aPrelims Possible IAS & STATE PCS 300+ Solved Geography India & World
260 _aNew Delhi
_bArihant
_c2024
650 _aGeography
942 _2ddc
_cC. BOOKS
999 _c67041
_d67041